Biggest cities/towns in Wales - Statistics

General Stats
  • This quiz has been taken 3,044 times
    3,043 since last reset
  • The average score is 7 of 15
Answer Stats
Population City/Town % Correct
292,150 Cardiff
100%
169,880 Swansea
97%
116,143 Newport
82%
42,576 Wrexham
73%
35,633 Port Talbot
47%
45,898 Neath
45%
39,429 Bridgend
44%
46,357 Llanelli
43%
30,483 Merthyr Tydfil
39%
50,661 Barry
36%
31,060 Caerphilly
31%
47,254 Cwmbran
21%
35,447 Pontypool
20%
59,602 Rhondda
19%
31,619 Aberdare
16%
No matching quizzes found
Score Distribution
Percent of People with Each Score
Percentile by Number Answered
Your Score History
You have not taken this quiz since the last reset